000 01739nam2a2200325 4500
001 RU\NLR\BIBL_A\012485101
005 20210930162434.0
010 _a978-5-907144-23-1
_bрус., т. 2
_9300
021 _aRU
_bКН-П-20-073151
_9КН-П-20-3682
021 _aRU
_bКН-П-20-073151
_9КН-П-20-5501
035 _a(NLR Aleph) 012485101
035 _a(RuMoRGB)010485646
090 _a12151618
_c12151618
100 _a20210325d2020 u y0rusy50 ca
101 1 _arus
_ceng
102 _aRU
105 _aa|||z|||001zy
181 0 _ai1
_baxxe
182 0 _an
200 1 _aПолучисленные алгоритмы
_fперевод с ангдийского и редакция: Л.Ф. Козаченко [и др.]
203 _aТекст
_bвизуальный
_cнепосредственный
210 _d2020
215 _a828 с.
_cил.
320 _aПредм.-имен. указ.: с. 801-828
461 0 _1001RU\NLR\BIBL_A\012179512
_12001#$aИскусство программирования$fДональд Э. Кнут$g[перевод с английского: канд. физ.-мат. наук С.Г. Тригуб и др.]$gпод общей редакцией докт. физ.-мат. наук, проф. Ю.В. Козаченко$vТ. 2
_1700#1$aКнут$bД. Э.$f1938-$gДональд Эрвин
_912274885
_aКнут, Д. Э. (1938-)
_cМосква
_d2020
_e3-е изд.
_fДональд Э. Кнут
_nДиалектика
_tИскусство программирования
_y978-5-907144-24-8
_vТ. 2
606 1 _aПрограммы (компьют.)
_xАлгоритмы
_92211615
_3RU\NLR\AUTH\661328537
942 _cBOOK
980 _aNB